Sinh lí và bệnh lí hấp thu

Spremljeno u:
Bibliografski detalji
Glavni autor: Nguyễn Tài Lương
Format: Knjiga
Jezik:Undetermined
Izdano: Hà Nội KHKT 1981
Teme:
Oznake: Dodaj oznaku
Bez oznaka, Budi prvi tko označuje ovaj zapis!
Thư viện lưu trữ: Trung tâm Học liệu Trường Đại học Cần Thơ
LEADER 00512nam a2200181Ia 4500
001 CTU_7741
008 210402s9999 xx 000 0 und d
082 |a 612 
082 |b L561 
100 |a Nguyễn Tài Lương 
245 0 |a Sinh lí và bệnh lí hấp thu 
245 0 |c Nguyễn Tài Lương 
260 |a Hà Nội 
260 |b KHKT 
260 |c 1981 
650 |a physiology 
904 |i Nguyễn Huỳnh Mai, 960829 
980 |a Trung tâm Học liệu Trường Đại học Cần Thơ